| 000 | 00366nam a22001337a 4500 | ||
|---|---|---|---|
| 005 | 20250901165808.0 | ||
| 008 | 250320b |||||||| |||| 00| 0 eng d | ||
| 020 | _a9789966105455 | ||
| 050 | _aPL 8704 .K53 2016 | ||
| 245 |
_aMashua ya Matumaini na Hadithi Nyingine _cMatundura B. et al. |
||
| 260 |
_aNairobi: _bKLB, _c2016. |
||
| 300 |
_a106 p.: _c21 cm. |
||
| 942 | _2lcc | ||
| 999 |
_c9343 _d9343 |
||